000 00687nam a2200265Ia 4500
005 20260121161351.0
008 008 260114s9999 xx 000 0 eng d
020 _a9781003630760
037 _aEBOOK
040 _aCRL
040 _beng
040 _cCRL
041 _2eng
041 _aeng
084 _qCRL
100 _aThe Military Balance 2025
_91043635
245 4 _aThe International Institute for Strategic Studies (IISS)
260 _bTaylor and Francis
260 _c2025
650 _aMilitary & Strategic Studies
_91043636
856 _uhttp://www.taylorfrancis.com/books/9781003630760
942 _cEBOOK
999 _c1610222
_d1610222